MARC details
| 000 -LEADER |
| fixed length control field |
01393 a2200445 4500 |
| 001 - CONTROL NUMBER |
| control field |
71398 |
| 003 - CONTROL NUMBER IDENTIFIER |
| control field |
TR-AnTOB |
| 005 - DATE AND TIME OF LATEST TRANSACTION |
| control field |
20241024164241.0 |
| 008 - FIXED-LENGTH DATA ELEMENTS--GENERAL INFORMATION |
| fixed length control field |
110504s2007 tu b 001 0 d |
| 020 ## - INTERNATIONAL STANDARD BOOK NUMBER |
| International Standard Book Number |
9789758918126 |
| 040 ## - CATALOGING SOURCE |
| Original cataloging agency |
ITU |
| Transcribing agency |
TR-AnTOB |
| 041 ## - LANGUAGE CODE |
| Language code of text/sound track or separate title |
Türkçe |
| 049 ## - LOCAL HOLDINGS (OCLC) |
| Holding library |
ITUM |
| 050 ## - LIBRARY OF CONGRESS CALL NUMBER |
| Classification number |
JZ1318 |
| Item number |
.A33 2007 |
| 090 ## - LOCALLY ASSIGNED LC-TYPE CALL NUMBER (OCLC); LOCAL CALL NUMBER (RLIN) |
| Classification number (OCLC) (R) ; Classification number, CALL (RLIN) (NR) |
JZ1318 .A33 2007 |
| 100 ## - MAIN ENTRY--PERSONAL NAME |
| Personal name |
Akbulut, Örsan Ö. |
| 9 (RLIN) |
45911 |
| 245 #0 - TITLE STATEMENT |
| Title |
Küreselleşme, ulus-devlet ve kamu yönetimi / |
| Statement of responsibility, etc. |
Örsan Ö. Akbulut. |
| 264 #1 - PRODUCTION, PUBLICATION, DISTRIBUTION, MANUFACTURE, AND COPYRIGHT NOTICE |
| Place of production, publication, distribution, manufacture |
Ankara : |
| Name of producer, publisher, distributor, manufacturer |
TODAİE, |
| Date of production, publication, distribution, manufacture, or copyright notice |
2007. |
| 300 ## - PHYSICAL DESCRIPTION |
| Extent |
viii,390 s. ; |
| Dimensions |
20 cm. |
| 336 ## - CONTENT TYPE |
| Source |
rdacontent |
| Content type term |
text |
| Content type code |
txt |
| 337 ## - MEDIA TYPE |
| Source |
rdamedia |
| Media type term |
unmediated |
| Media type code |
n |
| 338 ## - CARRIER TYPE |
| Source |
rdacarrier |
| Carrier type term |
volume |
| Carrier type code |
nc |
| 490 0# - SERIES STATEMENT |
| Series statement |
TODAİE ; |
| Volume/sequential designation |
331 |
| 504 ## - BIBLIOGRAPHY, ETC. NOTE |
| Bibliography, etc. note |
|
| 530 ## - ADDITIONAL PHYSICAL FORM AVAILABLE NOTE |
| Additional physical form available note |
Karton kapak (Paperback) |
| 590 ## - LOCAL NOTE (RLIN) |
| Local note |
Prof. Dr. Abdüllatif Şener tarafından bağlanmıştır. |
| 650 #0 - SUBJECT ADDED ENTRY--TOPICAL TERM |
| Topical term or geographic name entry element |
Political science |
| General subdivision |
Research |
| 9 (RLIN) |
2904 |
|
| Topical term or geographic name entry element |
Siyasal bilim |
| General subdivision |
Tarih |
| 9 (RLIN) |
7795 |
|
| Topical term or geographic name entry element |
International relations |
| General subdivision |
Philosophy |
| -- |
History |
| 9 (RLIN) |
4517 |
|
| Topical term or geographic name entry element |
Public administration |
| Geographic subdivision |
Turkey |
| 9 (RLIN) |
19468 |
|
| Topical term or geographic name entry element |
Uluslararası ilişkiler |
| 9 (RLIN) |
22141 |
|
| Topical term or geographic name entry element |
Kamu yönetimi |
| 9 (RLIN) |
8396 |
|
| Topical term or geographic name entry element |
Küreselleşme |
| General subdivision |
Ekonomik yönleri |
| 9 (RLIN) |
85802 |
|
| Topical term or geographic name entry element |
Globalization |
| General subdivision |
Economic aspects |
| 9 (RLIN) |
1906 |
| 902 ## - LOCAL DATA ELEMENT B, LDB (RLIN) |
| a |
0024839 |
| 903 ## - LOCAL DATA ELEMENT C, LDC (RLIN) |
| a |
Merkez Kütüphane |
| 910 ## - USER-OPTION DATA (OCLC) |
| User-option data |
000129093001 |
| 942 ## - ADDED ENTRY ELEMENTS (KOHA) |
| Koha item type |
Book |
| Source of classification or shelving scheme |
Library of Congress Classification |